|
|
|
|
| LEADER |
01282nas 2200361 a 4500 |
| 001 |
000732060 |
| 003 |
CZ BrMZK |
| 005 |
20070524145105.0 |
| 007 |
ta |
| 008 |
040903c20049999xr qr p 0 a0cze d |
| 022 |
|
|
|a 1214-7079
|
| 040 |
|
|
|a BOA001
|b cze
|
| 043 |
|
|
|a e-xr---
|b e-xr-pg
|2 czenas
|
| 072 |
|
7 |
|a 61
|x Lékařské vědy. Lékařství
|2 Konspekt
|9 14
|
| 080 |
|
|
|a 050
|2 MRF
|
| 080 |
|
|
|a 61
|2 MRF
|
| 210 |
1 |
|
|a Visus Motoli
|
| 222 |
|
0 |
|a Visus Motoli
|
| 245 |
0 |
0 |
|a Visus Motoli :
|b časopis Fakultní nemocnice v Motole
|
| 260 |
|
|
|a Praha :
|b Agentura Dům,
|c 2004-^^^
|
| 300 |
|
|
|a ^^^sv. ;
|c 21 cm
|
| 310 |
|
|
|a 4x ročně
|
| 362 |
0 |
|
|a R. 2004, č.1 (jaro 2004) -
|
| 541 |
|
|
|c pv
|
| 650 |
0 |
7 |
|a nemocnice
|7 ph123221
|2 czenas
|
| 650 |
0 |
7 |
|a zdravotnictví
|7 ph127574
|2 czenas
|
| 655 |
|
4 |
|a podnikové časopisy
|
| 710 |
2 |
|
|a Fakultní nemocnice v Motole (Praha, Česko)
|7 ko2002152562
|
| 910 |
|
|
|a BOA001
|b 05635-1168.612
|r 2004-2005
|
| 952 |
|
|
|a e-xr-pg
|
| 990 |
|
|
|a SE
|
| 996 |
6 |
|
|b 2610289194
|c 05635-1168.612
|d 2004 1-4
|v 2004
|i 1-4
|y 2004
|l MZK
|r DEP / do 15 dnů
|n 0
|p p.v.
|w 000732060
|u 000130
|a 240
|e BOA001
|j MZK50
|s P
|
| 996 |
6 |
|
|b 2610309528
|c 05635-1168.612
|d 2005 1-4
|v 2005
|i 1-4
|y 2005
|l MZK
|r DEP / do 15 dnů
|n 0
|p p.v. ; dále nedochází
|w 000732060
|u 000140
|a 240
|e BOA001
|j MZK50
|s P
|